000 00359 a2200157 4500
001 152658
040 _cEscola São Tomás de Aquino
100 _aBRAZ, Júlio Emílio
240 1 0 _aSete faces da bravura
_lpor
245 1 0 _aSete faces da bravura
300 _a126
362 0 _a1993
440 1 _aModerna
697 _a*LITERATURA JUVENIL
942 _cBK
999 _c152658
_d152658